Largest Cities in the World Beginning With 'Ha' - Statistics

General Stats
  • This quiz has been taken 78 times
  • The average score is 9 of 24
Answer Stats
# Population Country Answer % Correct
2 7,350,000 Vietnam Hanoi
100%
8 2,150,000 Cuba Havana
97%
5 2,900,000 Germany Hamburg
96%
7 2,675,000 Zimbabwe Harare
93%
1 14,600,000 China Hángzhōu
73%
13 1,090,000 Germany Hanover
71%
3 5,550,000 China Harbin
64%
14 860,266 Canada Hamilton
62%
11 1,360,000 United States Harrisburg
49%
9 1,680,000 United States Hartford
45%
16 741,000 Somalia Hargeisa
38%
6 2,800,000 China Hăikŏu
29%
10 1,450,000 Vietnam Hai Phòng
26%
17 703,610 North Korea Hamhŭng
25%
12 1,310,000 Japan Hamamatsu
18%
4 2,925,000 China Handan
14%
24 392,593 Thailand Hat Yai
11%
23 448,623 Saudi Arabia Ha'il
10%
20 601,165 China Hai'an
5%
21 554,406 Iran Hamadan
5%
15 752,775 China Hăiníng
3%
18 680,033 China Hăichéng
1%
22 547,969 China Hànchuān
1%
19 673,476 China Hànzhōng
0%
No matching quizzes found
Score Distribution
Percent of People with Each Score
Percentile by Number Answered
Your Score History
You have not taken this quiz